States of Germany - Statistics

General Stats
  • This quiz has been taken 152,880 times
  • The average score is 11 of 16
Answers on the Map
Answers color-coded by a green-red scale on the quiz's map according to % correct below.
 
Answer Stats
State % Correct
Berlin
95%
Bavaria
94%
Hamburg
86%
Saxony
76%
Bremen
71%
Brandenburg
68%
Baden-Württemberg
67%
North Rhine-Westphalia
65%
Saarland
64%
Schleswig-Holstein
64%
Lower Saxony
63%
Rhineland-Palatinate
63%
Hesse
61%
Mecklenburg-Vorpommern
59%
Thuringia
56%
Saxony-Anhalt
55%
No matching quizzes found
Score Distribution
Percent of People with Each Score
Percentile by Number Answered
Your Score History
You have not taken this quiz